Shallow by Lady Gaga, Bradley Cooper Lyrics - Statistics

General Stats
  • This quiz has been taken 2,508 times
  • The average score is 155 of 189
Answer Stats
% Correct
I
99%
in
98%
the
98%
me
96%
you
96%
so
94%
are
93%
I'm
93%
Tell
93%
tell
93%
do
92%
girl
92%
somethin'
92%
more
90%
need
90%
shallow
90%
boy
89%
or
89%
this
89%
world
89%
for
88%
deep
87%
falling
86%
modern
85%
happy
84%
myself
83%
and
82%
times
82%
is
81%
watch
81%
good
80%
where
80%
bad
78%
change
78%
end
78%
never
78%
now
78%
find
77%
from
77%
ground
77%
something
77%
that
77%
there
77%
as
76%
dive
75%
far
75%
searchin'
75%
all
74%
we're
74%
you're
73%
I'll
70%
longin'
70%
longin
70%
us
69%
can't
67%
hard
67%
surface
67%
tired
67%
it
66%
off
66%
they
66%
meet
65%
tryin'
65%
void
65%
fill
61%
hurt
61%
aren't
60%
crash
60%
else
59%
hardcore
59%
fear
56%
through
56%
ain't
55%
keeping
51%
oh
48%
woah
5%
No matching quizzes found
Score Distribution
Percent of People with Each Score
Percentile by Number Answered
Your Score History
You have not taken this quiz